| 000 | 01001 a2200325 4500 | ||
|---|---|---|---|
| 999 |
_c200128718 _d31211 |
||
| 001 | 200128718 | ||
| 003 | TR-AnTOB | ||
| 005 | 20231204120933.0 | ||
| 008 | 130702s1987 tu 000 0 | ||
| 020 | _a3802301021 | ||
| 040 |
_aTR-AnTOB _cTR-AnTOB |
||
| 041 | _aeng | ||
| 050 | 0 |
_aTJ950 _b.D43 1987 |
|
| 090 | _aTJ950.D43 1987 | ||
| 100 | 1 |
_aDeppert, Werner, _d1935- _987210 |
|
| 245 | 1 | 0 |
_aPneumatic control : _ban introduction to the principles / _cWerner Deppert,Kurt Stoll. |
| 264 | 1 |
_aWurzburg : _bVogel Buchverlag, _c1987. |
|
| 300 |
_a187 page; _c23 cm |
||
| 336 |
_2rdacontent _atext _btxt |
||
| 337 |
_2rdamedia _aunmediated _bn |
||
| 338 |
_2rdacarrier _avolume _bnc |
||
| 490 | 0 |
_aKamprath-Reihe ; _v1 |
|
| 650 | 0 |
_aPneumatic control _913560 |
|
| 650 | 7 |
_aPnömatik kontrol _6Pnömatik Kontrol _2etuturkob _942185 |
|
| 650 | 0 |
_aPneumatic machinery _942186 |
|
| 650 | 0 |
_aPnömatik makineler _950219 |
|
| 700 | 1 |
_aStoll, Kurt _987211 |
|
| 942 |
_cBK _2lcc |
||